[Event "Manila ol (Men)"]
[Site "Manila"]
[Date "1992.??.??"]
[Round "?"]
[White "Pinter, Jozsef"]
[Black "Nenashev, Alexander"]
[Result "1/2-1/2"]
[WhiteElo "2580"]
[BlackElo "2515"]

1.d4 d5 2.c4 dxc4 3.Nf3 Nf6 4.e3 e6 5.Bxc4 c5 6.O-O a6 7.a4 Nc6 8.Qe2 cxd4
9.Rd1 Be7 10.exd4 O-O 11.Nc3 Nb4 12.Ne5 Bd7 13.Bb3 Bc6 14.Nxc6 bxc6 15.a5 Nfd5
16.Ne4 Nc7 17.Qh5 Nb5 18.Ng5 Bxg5 19.Bxg5 Qd7 20.Qh4 f6 21.Bd2 Nd5 22.Rac1 Rac8
23.Bc4 Rfe8 24.h3 Qa7 25.Be3 Nd6 26.Bd3 Nf5 27.Qe4 g6 28.Qf3 Kg7 29.Bc4 Ndxe3
30.fxe3 c5 31.g4 Nh6 32.Qf4 g5 33.Qf2 cxd4 34.exd4 Qc7 35.b4 Qd6 36.b5 Qb4
37.Be2 Rxc1 38.Rxc1 axb5 39.a6 Qa5 40.Rc6 Nf7 41.Qf1 Qd2 42.Qd1 Qb2 43.Bf3 Qa3
44.Qe2 Ra8 45.Rxe6 Rxa6 46.Rxa6 Qxa6 47.Kg2 Qb6 48.Bd5 Kf8 49.Qd3 Nd8 50.Qxh7 Qxd4
51.Qd7 Qb6 52.Kf3 b4 53.Ke4 Qb8 54.Kd4 Qe5+ 55.Kc4 Qe7 56.Qxe7+ Kxe7 57.Kxb4 Ne6
58.Kc4 Nf4 59.Bb7 Nxh3 60.Kd3 Nf4+ 61.Ke4 Ng6 62.Bc8 Nh4 63.Ba6 Kd6 64.Kd4  1/2-1/2

[Event "Moscow4"]
[Site "Moscow"]
[Date "1992.??.??"]
[Round "?"]
[White "Yuferov, Sergey  N"]
[Black "Suetin, Alexey S"]
[Result "1/2-1/2"]
[WhiteElo "2440"]
[BlackElo "2400"]

1.d4 d5 2.c4 dxc4 3.Nf3 Nf6 4.e3 e6 5.Bxc4 c5 6.O-O Nc6 7.dxc5 Bxc5 8.Qxd8+ Kxd8
9.b3 Ke7 10.Ba3 Bxa3 11.Nxa3 Rd8 12.Rfd1 Rxd1+ 13.Rxd1 Bd7  1/2-1/2

[Event "Moscow4"]
[Site "Moscow"]
[Date "1992.??.??"]
[Round "?"]
[White "Baikov, Vladimir A"]
[Black "Suetin, Alexey S"]
[Result "1/2-1/2"]
[WhiteElo "2345"]
[BlackElo "2400"]

1.d4 d5 2.c4 dxc4 3.e3 Nf6 4.Bxc4 e6 5.Nf3 c5 6.O-O a6 7.b3 Nc6 8.Bb2 cxd4
9.Nxd4 Bd7 10.Nd2 Be7 11.Be2 O-O 12.Bf3 Rc8 13.Rc1 Nd5 14.Bxd5 exd5 15.Qh5 Nb4
16.Rxc8 Bxc8 17.a4 Nd3 18.Ba1 Bf6 19.Qe2 Ne5 20.h3 Re8 21.Rb1 Qb6 22.N2f3 Bd7
23.Nxe5 Bxe5 24.Qf3 Qd6 25.Ne2 Bxa1 26.Rxa1 Be6 27.Nd4 Rc8 28.Qd1 Qc5 29.Ra2 Qc1
30.Qxc1 Rxc1+ 31.Kh2 Kf8 32.a5 Ke7 33.Ra4 Rc5 34.Kg3 Bd7 35.Ra2 Kf6 36.Kf3 Ke5
37.Ke2 g5 38.Kd2 h5 39.Nf3+ Kf6 40.Nd4 Ke5 41.Nf3+ Kf6 42.h4 gxh4 43.Nxh4 Rb5
44.Ra3 Bg4 45.g3 Ke5 46.Ng2 d4 47.exd4+ Kxd4 48.Ra4+ Ke5 49.Kc3 Be6 50.b4 Ke4
51.Nf4  1/2-1/2

[Event "Moscow Tal mem"]
[Site "Moscow"]
[Date "1992.??.??"]
[Round "?"]
[White "Malaniuk, Vladimir P"]
[Black "Donchenko, Anatoly G"]
[Result "1-0"]
[WhiteElo "2540"]
[BlackElo "2385"]

1.d4 d5 2.c4 dxc4 3.e3 Nf6 4.Bxc4 e6 5.Nf3 c5 6.O-O a6 7.b3 Nbd7 8.Bb2 Bd6
9.Nbd2 O-O 10.Re1 b5 11.Bf1 cxd4 12.Nxd4 Bb7 13.a4 bxa4 14.bxa4 Qb8 15.h3 Ne4
16.Nxe4 Bxe4 17.Ba3 Bxa3 18.Rxa3 Qd6 19.Rc3 Rfc8 20.Nb3 Qb8 21.Rxc8+ Qxc8
22.Qd6 Qb8 23.Qxd7 Qxb3 24.Rc1 g5 25.Rc8+ Rxc8 26.Qxc8+ Kg7 27.Qxa6 Kf6 28.a5 Qb1
29.Qc4 Bd5 30.Qd4+ Ke7 31.a6 h5 32.f3 f6 33.Qc5+ Kd7 34.Kf2 Qa2+ 35.Kg3 h4+
36.Kg4 Bc6 37.e4 Qd2 38.Kh5 g4 39.a7 gxf3 40.Bb5 Bxb5 41.Qxb5+ Ke7 42.a8=Q  1-0

[Event "Moscow Tal mem"]
[Site "Moscow"]
[Date "1992.??.??"]
[Round "?"]
[White "Kiselev, Sergey"]
[Black "Yakovich, Yuri"]
[Result "1/2-1/2"]
[WhiteElo "2530"]
[BlackElo "2520"]

1.d4 d5 2.Nf3 Nf6 3.c4 dxc4 4.e3 e6 5.Bxc4 c5 6.O-O a6 7.a4 Nc6 8.Qe2 cxd4
9.Rd1 Be7 10.exd4 O-O 11.Nc3 Nd5 12.Be3 Ncb4 13.Ne5 Bd7 14.Bxd5 exd5 15.Qf3 Be6
16.Bf4 Rc8 17.Rd2 f6 18.Nd3 Qd7 19.Qg3 Nxd3  1/2-1/2

[Event "Munich op9192"]
[Site "Munich"]
[Date "1992.??.??"]
[Round "4"]
[White "Bandza, Algirdas"]
[Black "Krausser, Helmut"]
[Result "1-0"]
[WhiteElo "2400"]
[BlackElo "2270"]

1.d4 d5 2.c4 dxc4 3.e3 e6 4.Bxc4 Nf6 5.Nf3 c5 6.O-O Nc6 7.Nc3 Be7 8.Qe2 O-O
9.Rd1 Qc7 10.e4 Nxd4 11.Nxd4 cxd4 12.Rxd4 e5 13.Rd1 h6 14.Be3 Bg4 15.f3 Bc5
16.Bb3 Bxe3+ 17.Qxe3 Bd7 18.Rac1 Bc6 19.Nd5 Qd8 20.Nb4 Bd7 21.Qc5 a5 22.Nd5 a4
23.Nxf6+ Qxf6 24.Rxd7 axb3 25.axb3 Rac8 26.Qxc8 Rxc8 27.Rxc8+ Kh7 28.Rcc7 Qb6+
29.Kh1 Qxb3 30.h3 b5 31.Rxf7 Kg6 32.Rxg7+ Kf6 33.Rcf7+ Ke6 34.Re7+ Kd6 35.Rd7+ Kc6
36.Rd2 Qe3 37.Rgd7 b4 38.R7d6+ Kc5 39.b3 Qxb3 40.R2d5+  1-0

[Event "Pardubice op"]
[Site "Pardubice"]
[Date "1992.??.??"]
[Round "6"]
[White "Kubikova, Hana"]
[Black "Kucera, Petr"]
[Result "1/2-1/2"]
[WhiteElo "2180"]
[BlackElo "2310"]

1.d4 d5 2.c4 dxc4 3.Nf3 Nf6 4.e3 e6 5.Bxc4 c5 6.Nc3 a6 7.O-O Nc6 8.Qe2 b5
9.Bb3 Bb7 10.Rd1 Qb6 11.d5 exd5 12.Nxd5 Nxd5 13.Bxd5 Be7 14.b3 Bf6 15.Bb2 Bxb2
16.Qxb2 O-O 17.Rac1 Rac8 18.Ng5 Nd8 19.Qc2 Qh6 20.Qf5 Rc7 21.Qf4 Qb6 22.Be4 Bxe4
23.Qxe4 Qg6 24.Qxg6 hxg6 25.Rd6 a5 26.Rd5 Nb7 27.Kf1 Re8 28.Nf3 Rec8 29.Ne5 Kf8
30.Ke2 Ke7 31.Nd3 Rc6 32.Rd1 Rd6 33.Nf4 Rxd5 34.Nxd5+ Ke6 35.Nf4+ Ke7 36.Nd5+ Ke6
37.Nf4+  1/2-1/2

[Event "BCF-ch"]
[Site "Plymouth"]
[Date "1992.??.??"]
[Round "9"]
[White "Hodgson, Julian M"]
[Black "Kumaran, Dharshan"]
[Result "1-0"]
[WhiteElo "2535"]
[BlackElo "2380"]

1.d4 d5 2.c4 dxc4 3.e3 Nf6 4.Bxc4 e6 5.Nf3 c5 6.Nc3 a6 7.a4 Be7 8.O-O Nc6
9.d5 exd5 10.Nxd5 Nxd5 11.Bxd5 Bg4 12.Qb3 O-O 13.Bd2 Bxf3 14.gxf3 Qc7 15.Bc3 Rad8
16.Kh1 Na5 17.Rg1 g6 18.Qd1 Nc6 19.f4 Nb4 20.Bxb4 cxb4 21.Qf3 Bf6 22.Rab1 Qa5
23.e4 Qxa4 24.e5 Bg7 25.f5 Kh8 26.f6 Bh6 27.Rbd1 Qb5 28.b3 Qc5 29.Rd3 Qc7
30.Qg3 Rfe8 31.Qh4 Qxe5 32.Qxh6 Qxf6 33.Rf3 Qd6 34.Bxf7 Qc6 35.Rg3 Re7 36.Bc4 b5
37.Qg5 Re1+ 38.Kg2 Rdd1 39.Bf7 Kg7 40.Qf4 Rg1+ 41.Kh3 Qd7+ 42.Qg4 Qxg4+ 43.Rxg4 Rxg4
44.Kxg4 Rg1+ 45.Kh3 a5 46.Be8 Rg5 47.Rf7+ Kh6 48.Rb7 a4 49.bxa4 bxa4 50.Bxa4 Rh5+
51.Kg3 Rg5+ 52.Kf3 Rf5+ 53.Kg2 Rg5+ 54.Kf1 Rh5 55.Bb3 Rxh2 56.Bg8 Kg5 57.Bxh7 Kf6
58.Bg8 Rh4 59.Rb6+ Kg7 60.Bb3  1-0

[Event "Bohemians-B"]
[Site "Prague"]
[Date "1992.??.??"]
[Round "3"]
[White "Matlak, Marek"]
[Black "Spacek, Petr"]
[Result "1/2-1/2"]
[WhiteElo "2440"]
[BlackElo "2395"]

1.d4 d5 2.Nf3 Nf6 3.c4 dxc4 4.e3 e6 5.Bxc4 c5 6.O-O a6 7.a4 Nc6 8.Qe2 Qc7
9.Nc3 Bd6 10.h3 O-O 11.Rd1 b6 12.dxc5 bxc5 13.e4 Ne5 14.Nxe5 Bxe5 15.Bd2 Bb7  1/2-1/2

[Event "CSR-ch"]
[Site "Prague"]
[Date "1992.??.??"]
[Round "4"]
[White "Pribyl, Josef"]
[Black "Dudas, Jan"]
[Result "1-0"]
[WhiteElo "2415"]
[BlackElo "2290"]

1.d4 d5 2.Nf3 Nf6 3.c4 dxc4 4.e3 e6 5.Bxc4 c5 6.O-O a6 7.a4 Nc6 8.Nc3 Qc7
9.Qe2 Bd6 10.Rd1 O-O 11.h3 b6 12.d5 exd5 13.Nxd5 Nxd5 14.Bxd5 Bb7 15.Ng5 Rad8
16.Ra3 h6 17.Nf3 Nd4 18.Nxd4 cxd4 19.Bxb7 Bxa3 20.Bxa6 Bc5 21.e4 Rfe8 22.Qg4 Re6
23.Bc4 Rf6 24.Bd3 Bd6 25.Bd2 Qd7 26.Qxd7 Rxd7 27.Bc4 Rc7 28.b3 g5 29.Bc1 Bc5
30.Bb2 Rd6 31.Kf1 Kg7 32.Ke2 Kf6 33.Bd5 Kg6 34.Bxd4 Bxd4 35.Rxd4 Kf6 36.Rd2 Ke5
37.g4 Rc3 38.Rd3 Rxd3 39.Kxd3 f6 40.Kc4 Kf4 41.b4 Ke5 42.Kb5 f5 43.gxf5 h5
44.f3 Rf6 45.a5  1-0

[Event "Rishon Le Ziyyon"]
[Site "Rishon Le Ziyyon"]
[Date "1992.??.??"]
[Round "4"]
[White "Kaspi, Alexander"]
[Black "Zilberman, Yaacov"]
[Result "1-0"]
[WhiteElo "2425"]
[BlackElo "2490"]

1.d4 d5 2.c4 dxc4 3.Nf3 Nf6 4.e3 e6 5.Bxc4 c5 6.O-O a6 7.a4 cxd4 8.exd4 Nc6
9.Nc3 Be7 10.Be3 O-O 11.Qe2 b6 12.Rad1 Nb4 13.Ne5 Bb7 14.f4 Nbd5 15.f5 exf5
16.Rxf5 Nxe3 17.Qxe3 Qd6 18.Qe2 Bd8 19.Rf4 Bc7 20.Rdf1 Rae8 21.Nxf7 Rxf7
22.Qxe8+ Nxe8 23.Bxf7+ Kh8 24.Bxe8 g6 25.R1f2 Kg7 26.g3 Qd8 27.Rf7+ Kh6 28.Bd7 Qg5
29.Bh3 Bxg3 30.hxg3 Qxg3+ 31.Bg2 Bxg2 32.Rxg2 Qe1+ 33.Rf1 Qe3+ 34.Kh1 Qxd4
35.Rd1 Qf4 36.Rh2+ Kg7 37.Rd7+ Kg8 38.Rhd2 Kh8 39.Kg2 h5 40.R2d4 Qg5+ 41.Kf2 Qf6+
42.Ke1 h4 43.Re4  1-0

[Event "Sevilla Expo92"]
[Site "Sevilla"]
[Date "1992.??.??"]
[Round "6"]
[White "Matamoros Franco, Carlos S"]
[Black "Antunes, Antonio"]
[Result "1/2-1/2"]
[WhiteElo "2420"]
[BlackElo "2465"]

1.d4 d5 2.c4 dxc4 3.Nf3 Nf6 4.e3 e6 5.Bxc4 c5 6.O-O a6 7.Bd3 Nc6 8.Nc3 Qc7
9.Qe2 cxd4 10.exd4 Nb4 11.Bc4 Be7 12.a3 Nc6 13.Bg5 O-O 14.d5 exd5 15.Bxf6 Bxf6
16.Nxd5 Qd8 17.Rad1 Bg4 18.Qe4 Bxf3 19.Qxf3 Bxb2 20.Qb3 Be5 21.Qxb7 Qh4 22.f4 Na5
23.Qe7 Qh6 24.fxe5 Nxc4 25.Qc5 Nb2 26.Rb1 Rab8 27.Qd4 Qe6 28.Nc7  1/2-1/2

[Event "SWZ-GP Suhr"]
[Site "Suhr"]
[Date "1992.??.??"]
[Round "3"]
[White "Chiong, Luiz"]
[Black "Kamber, Bruno"]
[Result "1-0"]
[WhiteElo "2350"]
[BlackElo "2290"]

1.d4 d5 2.c4 dxc4 3.Nf3 Nf6 4.e3 c5 5.Bxc4 e6 6.Qe2 a6 7.dxc5 Bxc5 8.O-O b5
9.Bd3 Nbd7 10.Nbd2 Bb7 11.a4 bxa4 12.Rxa4 a5 13.e4 Bc6 14.Ra1 Qb8 15.Nc4 a4
16.e5 Nd5 17.Bd2 N5b6 18.Nxb6 Qxb6 19.Bc3 Bxf3 20.Qxf3 O-O 21.Qe4 g6 22.Rxa4 Rxa4
23.Qxa4 Qc7 24.Qe4 Nb6 25.Ba5 Qb8 26.b4 Be7 27.h4 Na4 28.h5 Bd8 29.Rc1 Qa7
30.Rc6 Bxa5 31.bxa5 Qd7 32.Rd6 Qc8 33.Qxa4 Qc3 34.Qb5 Qe1+ 35.Bf1 f6 36.Qe2 Qxa5
37.exf6 Qa3  1-0

[Event "SWZ-GP Suhr"]
[Site "Suhr"]
[Date "1992.??.??"]
[Round "9"]
[White "Sutter, Oliver"]
[Black "Kamber, Bruno"]
[Result "1/2-1/2"]
[WhiteElo "2295"]
[BlackElo "2290"]

1.d4 d5 2.c4 dxc4 3.Nf3 Nf6 4.e3 c5 5.Bxc4 e6 6.O-O a6 7.a4 Nc6 8.Qe2 Qc7
9.Nc3 Be7 10.dxc5 Bxc5 11.e4 Ng4 12.g3 O-O 13.Bf4 e5 14.Nd5 Qd6 15.Bd2 Nf6
16.b4 Bd4 17.Rab1 Bg4 18.Qd3 Rfd8 19.b5 Bc5 20.Bc3 axb5 21.axb5 Bxf3 22.Qxf3 Nd4
23.Bxd4 Bxd4 24.Nxf6+ Qxf6 25.Qxf6 gxf6 26.Bd5 Rd7 27.Rfc1 f5 28.Rc2 Rf8
29.Rbc1 fxe4 30.Bxe4 f5 31.Bg2 Kg7 32.Rc8 Rxc8 33.Rxc8 Bb6 34.Rb8 e4 35.Bh3 Rf7
36.Bf1 Ba7 37.Rc8 Rd7 38.Rc2 Kf6 39.Kg2 f4 40.f3 Ke5 41.fxe4 Kxe4 42.Rc4+ Bd4
43.Be2 Rg7 44.Ra4 b6 45.Bf3+ Kd3 46.Ra3+ Kc4 47.Bc6 Bc3 48.Kf3 fxg3 49.hxg3 h5
50.Ra2 Be5 51.Rg2 Kd3 52.Be4+ Kd4 53.Bc6 Rf7+ 54.Ke2 Ra7 55.Be8 Ra3 56.Bxh5 Bxg3
57.Rg1 Re3+ 58.Kd2 Re5 59.Rxg3 Rxh5 60.Kc2 Kc4 61.Rg4+ Kxb5 62.Kb1 Rh2 63.Rf4 Ka5
64.Rg4 b5 65.Rf4 b4 66.Rg4 Ka4 67.Rg1 Ka3 68.Rg3+ b3 69.Rg1 Rb2+ 70.Ka1 Ra2+
71.Kb1 Rb2+ 72.Ka1  1/2-1/2

[Event "Ticino op"]
[Site "Ticino"]
[Date "1992.??.??"]
[Round "3"]
[White "Flear, Glenn C"]
[Black "Giertz, Niklaus"]
[Result "1/2-1/2"]
[WhiteElo "2495"]
[BlackElo "2255"]

1.d4 d5 2.c4 c6 3.Nf3 Nf6 4.e3 e6 5.Bd3 dxc4 6.Bxc4 c5 7.O-O a6 8.Qe2 b5
9.Bd3 Bb7 10.dxc5 Nc6 11.b4 Nxb4 12.Bxb5+ Nd7 13.Bxd7+ Qxd7 14.a3 Nd3 15.Rd1 Nxc1
16.Rxc1 Rc8 17.Nbd2 Rxc5 18.Nc4 Be7 19.Nce5 Rxc1+ 20.Rxc1 Qd6 21.Qb2 Bxf3
22.Rc8+ Bd8 23.gxf3 O-O 24.Rc6 Qd1+ 25.Kg2 Bf6 26.Qc3 Qd5 27.Rc5 Bxe5 28.Qxe5 Qxe5
29.Rxe5 Rc8 30.Ra5 Rc6 31.Kf1 g6 32.Ke2 Rd6 33.Rc5 Kf8 34.Rc8+ Ke7 35.Ra8 e5
36.Ra7+ Ke6 37.h4 h5 38.e4 f5 39.a4 Kf6 40.Ke3 Rc6 41.Kd3 Ke6  1/2-1/2

[Event "Valencia op"]
[Site "Valencia"]
[Date "1992.??.??"]
[Round "9"]
[White "Hoffman, Alejandro"]
[Black "Eslon, Jaan"]
[Result "1/2-1/2"]
[WhiteElo "2445"]
[BlackElo "2420"]

1.d4 d5 2.c4 dxc4 3.Nf3 Nf6 4.e3 e6 5.Bxc4 c5 6.a3 a6 7.Bd3 Nbd7 8.O-O b5
9.Qe2 Bb7 10.Rd1 Qb6 11.Nbd2 Be7 12.a4 c4 13.Bb1 O-O 14.e4 Rfd8 15.Nf1 Qc7
16.Ng3 e5 17.axb5 axb5 18.Rxa8 Rxa8 19.Nf5 Bf8 20.Nxe5 Nxe5 21.Bf4 Nfd7 22.dxe5 Nxe5
23.Nd4 Qc5 24.b4 cxb3 25.Nxb3 Qc4 26.Qb2  1/2-1/2

[Event "Wisla BES op"]
[Site "Wisla"]
[Date "1992.??.??"]
[Round "5"]
[White "Kiselev, Sergey"]
[Black "Twardon, Marian"]
[Result "1-0"]
[WhiteElo "2540"]
[BlackElo "2345"]

1.d4 d5 2.c4 dxc4 3.e3 Nf6 4.Bxc4 e6 5.Nf3 c5 6.O-O a6 7.a4 Nc6 8.Qe2 cxd4
9.Rd1 Be7 10.exd4 O-O 11.Nc3 Nd5 12.Qe4 Nf6 13.Qf4 Nd5 14.Qe4 Nf6 15.Qe2 Nd5
16.Be3 Ncb4 17.Ne5 Bd7 18.Nxd5 exd5 19.Bb3 Bf5 20.Rac1 f6 21.Nf3 Bd6 22.Nh4 Qd7
23.Nxf5 Qxf5 24.Rc3 Rfe8 25.g3 Re4 26.Kg2 Rae8 27.Qf3 Qe6 28.Rcc1 f5 29.Bd2 Nc6
30.Bc3 Nd8 31.Bc2 f4 32.Re1 Nf7 33.gxf4 Qf5 34.Bd2 g5 35.Bxe4 dxe4 36.Qh5 Re6
37.h3 Rg6 38.Kf1 Bxf4 39.Bxf4 Qxf4 40.Qg4 Qd2 41.Qxe4 Rf6 42.Qe3 Qxb2 43.Rb1 Qa2
44.Rxb7 Kg7 45.Qxg5+  1-0

[Event "Wisla BES op"]
[Site "Wisla"]
[Date "1992.??.??"]
[Round "9"]
[White "Chekhov, Valery A"]
[Black "Jasnikowski, Zbigniew"]
[Result "1/2-1/2"]
[WhiteElo "2550"]
[BlackElo "2450"]

1.Nf3 d5 2.d4 Nf6 3.c4 dxc4 4.e3 e6 5.Bxc4 c5 6.O-O a6 7.a4 Nc6 8.Qe2 cxd4
9.Rd1 Be7 10.exd4 O-O 11.Nc3 Nd5 12.Bb3 Re8 13.Bd2 Bf6 14.Qe4 Bd7 15.Ne5 Nce7
16.Nxd5 Nxd5 17.Rac1 Rc8 18.Rxc8 Qxc8 19.Rc1 Qd8 20.h3 g6 21.Qf3 Bxe5 22.dxe5 Bc6
23.Rd1 Qh4 24.Qg4 Qd8 25.Bg5 Qb6 26.Rd3 Qc5 27.Qd4 Qxd4 28.Rxd4 Kg7 29.Rh4 Rc8
30.Bh6+ Kg8 31.Rd4 Ne7 32.g4 Bd5 33.Bxd5 Nxd5 34.Kf1 Rc2 35.a5 Rxb2 36.Rc4 f6
37.exf6 Nxf6 38.Rc8+ Kf7 39.Rc7+ Ke8 40.Bg5 Nd7 41.Rc8+ Kf7 42.Rh8 Nf6 43.Bxf6 Kxf6
44.Rxh7 g5 45.Kg2 Rb5 46.Kg3 Rxa5 47.Rxb7 Ra1 48.Ra7 a5  1/2-1/2

[Event "Zuerich op"]
[Site "Zuerich"]
[Date "1992.??.??"]
[Round "?"]
[White "Giertz, Niklaus"]
[Black "Kamber, Bruno"]
[Result "1-0"]
[WhiteElo "2240"]
[BlackElo "2305"]

1.d4 d5 2.c4 dxc4 3.Nf3 Nf6 4.e3 c5 5.Bxc4 e6 6.O-O a6 7.a4 Nc6 8.Nc3 Be7
9.Qe2 O-O 10.Rd1 Qc7 11.d5 exd5 12.Nxd5 Nxd5 13.Bxd5 Bf5 14.Bd2 Bf6 15.Bc3 Bxc3
16.bxc3 Rae8 17.Nd2 Ne5 18.Nc4 Ng4 19.g3 Nf6 20.Nd6 Nxd5 21.Nxe8 Qe5 22.Nd6 Nxc3
23.Qb2 Bg4 24.Re1 Rd8 25.Rac1 Qxd6 26.Qxc3 Rc8 27.a5 h5 28.Kg2 Qc6+ 29.e4 c4
30.f3 Be6 31.Rb1 Rd8 32.Red1 Rxd1 33.Rxd1 h4 34.Rd8+ Kh7 35.Qe5 h3+ 36.Kf2 Qb5
37.Qxb5 axb5 38.Ke3 c3 39.Rb8 b4 40.Rxb7 c2 41.Kd2  1-0

[Event "Alcobendas op"]
[Site "Alcobendas"]
[Date "1993.??.??"]
[Round "6"]
[White "Izeta Txabarri, Felix"]
[Black "Westerinen, Heikki MJ"]
[Result "1-0"]
[WhiteElo "2510"]
[BlackElo "2385"]

1.d4 d5 2.c4 dxc4 3.Nf3 Nf6 4.e3 e6 5.Bxc4 c5 6.Qe2 Nc6 7.O-O cxd4 8.exd4 Be7
9.Rd1 O-O 10.Nc3 Nb4 11.Ne5 Nbd5 12.Rd3 Nxc3 13.bxc3 Nd5 14.Rh3 Bg5 15.f4 Bxf4
16.Ba3 Bxe5 17.Qxe5 Re8 18.Rf1 f5 19.Rg3 Qf6 20.Qxf6 Nxf6 21.Rxf5 Ne4 22.Rgf3 Bd7
23.Rf7 Rad8 24.Rxd7 Ng5 25.Rxd8 Nxf3+ 26.gxf3 Rxd8 27.Bxe6+ Kh8 28.d5  1-0

[Event "Mephisto-GM-Turnier"]
[Site "Altensteig"]
[Date "1993.??.??"]
[Round "6"]
[White "Boensch, Uwe"]
[Black "Gabriel, Christian"]
[Result "1/2-1/2"]
[WhiteElo "2525"]
[BlackElo "2510"]

1.d4 d5 2.c4 dxc4 3.Nf3 Nf6 4.e3 e6 5.Bxc4 c5 6.O-O a6 7.b3 b5 8.Be2 Nbd7
9.Bb2 Bb7 10.Nbd2 Be7 11.a4 bxa4 12.bxa4 O-O 13.a5 Rb8 14.Nc4 Bd5 15.Qc2 Qc7
16.Rfc1 Rfc8 17.Ba3 Qd8 18.Nb6 Nxb6 19.axb6 Be4 20.Qa4 Qxb6 21.dxc5 Bxc5
22.Qxa6 Bb7 23.Qxb6 Bxb6 24.Rxc8+ Rxc8 25.Rb1 Nd7 26.Bb5  1/2-1/2

[Event "Alushta op"]
[Site "Alushta"]
[Date "1993.??.??"]
[Round "?"]
[White "Fominyh, Alexander"]
[Black "Golod, Vitali"]
[Result "1-0"]
[WhiteElo "2505"]
[BlackElo "2485"]

1.d4 d5 2.Nf3 Nf6 3.c4 dxc4 4.e3 c5 5.Bxc4 e6 6.Qe2 Nc6 7.O-O Be7 8.dxc5 Bxc5
9.a3 O-O 10.b4 Bd6 11.Bb2 Qe7 12.e4 e5 13.h3 Nh5 14.Nc3 Nf4 15.Qd1 Nd4 16.Nd5 Nxd5
17.Bxd5 Nxf3+ 18.Qxf3 a5 19.b5 Rb8 20.Rfd1 Bc5 21.Qc3 Bd4 22.Rxd4 exd4 23.Qxd4 Qg5
24.Qe5 Qxe5 25.Bxe5 Ra8 26.Rc1 Bd7 27.b6 Ra6 28.Rc7 Bc6 29.Bxc6 bxc6 30.Rxc6 Rd8
31.Kh2 f6 32.Bc7 Re8 33.Rc2  1-0

[Event "Alushta3"]
[Site "Alushta"]
[Date "1993.??.??"]
[Round "?"]
[White "Fominyh, Alexander"]
[Black "Dragomarezkij, Evgeni"]
[Result "1/2-1/2"]
[WhiteElo "2515"]
[BlackElo "2535"]

1.d4 d5 2.Nf3 Nf6 3.c4 c6 4.e3 e6 5.Bd3 dxc4 6.Bxc4 c5 7.Qe2 cxd4 8.exd4 Be7
9.O-O Bd7 10.Ne5 O-O 11.Nc3 Nc6 12.Rd1 Nb4 13.a3 Nbd5 14.Rd3 Bc6 15.Rg3 Re8
16.Bh6 Bf8 17.Rd1 Rc8 18.Bg5 Be7 19.Bh6 Bf8 20.Bg5 Be7 21.Bd3 a6 22.Nxd5 Qxd5
23.Bxf6 Bxf6 24.Bxh7+ Kf8 25.Nxc6 Qxc6 26.Be4 Qb6 27.Rgd3 Red8 28.d5 exd5
29.Bxd5 Qxb2 30.Qh5 g6 31.Qf3 Rc1 32.h4 Rxd1+ 33.Rxd1 Qc3 34.Rd3 Qc1+ 35.Kh2 Qc7+
36.Kh3 Bxh4 37.Kxh4 Kg7 38.Be4 Rh8+ 39.Kg4 Qh2 40.Qg3 f5+ 41.Kf3 fxe4+ 42.Kxe4 Re8+
43.Kf3 Qh5+ 44.Qg4 Rf8+ 45.Kg3 Qxg4+ 46.Kxg4 Rxf2 47.Rd7+ Kh6 48.g3 Rb2 49.Kf4 b6
50.Rb7 Rf2+ 51.Kg4 Rf6 52.Rb8 Rc6 53.Rh8+ Kg7 54.Rb8 b5 55.Kg5 Rc3 56.Kf4 Rc4+
57.Kg5 Rc5+ 58.Kf4 a5 59.g4 g5+ 60.Ke4 Kf6 61.Rb6+ Ke7 62.Kd4 Rc4+ 63.Ke5 Rxg4
64.Rb7+ Kd8 65.Rxb5 a4 66.Kf6 Rg3 67.Rxg5 Rxa3 68.Ke5 Rd3 69.Ke4 Rh3 70.Kd4  1/2-1/2

[Event "AUT-chT2S 9293"]
[Site "AUT"]
[Date "1993.??.??"]
[Round "?"]
[White "Nickl, Klaus"]
[Black "Brod, Manfred"]
[Result "1-0"]
[WhiteElo "2225"]
[BlackElo "2220"]

1.d4 d5 2.c4 dxc4 3.Nf3 Nf6 4.e3 e6 5.Bxc4 c5 6.O-O a6 7.Nc3 b5 8.Bb3 Bb7
9.Qe2 Nbd7 10.Rd1 Qb8 11.Ne5 c4 12.Nxd7 Nxd7 13.Bc2 Bd6 14.d5 exd5 15.Nxd5 Bxd5
16.Rxd5 Nf6 17.Rf5 Bxh2+ 18.Kh1 h5 19.a4 Ng4 20.axb5 axb5 21.Rxa8 Qxa8 22.Rxb5 Qa1
23.Qd2 Bc7 24.Rb4 Nxf2+ 25.Kg1 Nd3 26.Rxc4 Nxc1 27.Ba4+ Kf8 28.Rxc1 Qxa4
29.Rxc7 Kg8 30.Qd5 Qe8 31.Qc5 Kh7 32.Qxh5+ Kg8 33.Qc5 Kh7 34.Qf5+ Kh6 35.Qh3+ Kg6
36.Qg4+ Kh6 37.Qf4+ Kg6 38.Rc5 f6 39.Qg4+ Kh6 40.Qf4+ Kg6 41.b4 Qb8 42.Rc7 Rh5
43.Rxg7+  1-0

[Event "Bad Ragaz op"]
[Site "?"]
[Date "1993.??.??"]
[Round "3"]
[White "Cvitan, Ognjen"]
[Black "Giertz, Niklaus"]
[Result "1/2-1/2"]
[WhiteElo "2550"]
[BlackElo "2245"]

1.d4 d5 2.c4 dxc4 3.Nf3 Nf6 4.e3 e6 5.Bxc4 c5 6.O-O a6 7.Bd3 Nbd7 8.a4 b6
9.Nc3 Bb7 10.Qe2 Qb8 11.e4 cxd4 12.Nxd4 Bc5 13.Nb3 Bd6 14.f4 e5 15.f5 Nc5
16.Bc2 Nxb3 17.Bxb3 Bc5+ 18.Kh1 Bd4 19.Bg5 Bxc3 20.Bxf6 gxf6 21.bxc3 Qc7
22.Rad1 Rd8 23.Rxd8+ Kxd8 24.Bd5 Ke7 25.c4 Rc8 26.Qb2 Bxd5 27.cxd5 Qc5 28.h3 Qd4
29.Qb1 Rc4 30.Rd1 Rb4 31.Qc2 Qc4 32.Qd2 Qd4 33.Qe2 Qxe4 34.d6+ Kd8 35.Qxa6 Rb1
36.Rxb1 Qxb1+ 37.Kh2 Qb4 38.Qb7 Qf4+ 39.Kg1 Qc1+ 40.Kf2 Qd2+ 41.Kf1 Qd1+
42.Kf2  1/2-1/2

[Event "Barcelona"]
[Site "Barcelona"]
[Date "1993.??.??"]
[Round "9"]
[White "Pomes Marcet, Juan"]
[Black "Vehi Bach, Victor Manuel"]
[Result "1/2-1/2"]
[WhiteElo "2410"]
[BlackElo "2380"]

1.d4 d5 2.c4 dxc4 3.Nf3 Nf6 4.e3 e6 5.Bxc4 c5 6.O-O a6 7.dxc5 Qxd1 8.Rxd1 Bxc5
9.a3 b5 10.Be2 Bb7 11.b4 Bb6 12.Bb2 Ke7 13.Nc3 Nc6 14.Rd2 Rad8 15.Rad1 Rxd2
16.Rxd2 Rd8  1/2-1/2

[Event "Belgrade Trako"]
[Site "Belgrade"]
[Date "1993.??.??"]
[Round "9"]
[White "Zontakh, Andrey"]
[Black "Makarov, Marat"]
[Result "1/2-1/2"]
[WhiteElo "2455"]
[BlackElo "2515"]

1.d4 d5 2.Nf3 Nf6 3.c4 dxc4 4.e3 e6 5.Bxc4 c5 6.O-O a6 7.dxc5 Bxc5 8.Qxd8+ Kxd8
9.Rd1+ Ke7 10.b3 Nbd7 11.Bb2  1/2-1/2

[Event "Berliner Sommer"]
[Site "Berlin"]
[Date "1993.??.??"]
[Round "?"]
[White "Tennstedt, Andreas"]
[Black "Grinfeld, Alla B"]
[Result "1/2-1/2"]
[WhiteElo "2320"]
[BlackElo "2245"]

1.d4 d5 2.c4 dxc4 3.Nf3 Nf6 4.e3 e6 5.Bxc4 c5 6.O-O a6 7.Qe2 Nc6 8.Rd1 Qc7
9.a3 b5 10.Ba2 Bb7 11.dxc5 Bxc5 12.b4 Bd6 13.Bb2 Ne5 14.Nbd2 O-O 15.Rac1 Qb8
16.h3 Nxf3+ 17.Nxf3 Bxf3 18.Qxf3 Be5 19.Qe2 Bxb2 20.Qxb2 h6 21.Rd4 Rc8 22.Bb3 Qb7
23.Bd1 Rxc1 24.Qxc1 Rc8 25.Qd2 Qc7 26.Bf3 Qc1+ 27.Qxc1 Rxc1+ 28.Rd1 Rxd1+
29.Bxd1 Kf8 30.Bf3 Ke7 31.Kf1 Kd6 32.Ke2  1/2-1/2

[Event "Berliner Sommer"]
[Site "Berlin"]
[Date "1993.??.??"]
[Round "?"]
[White "Schulz, Rainer"]
[Black "Raetsky, Alexander"]
[Result "1-0"]
[WhiteElo "2470"]
[BlackElo "2405"]

1.d4 d5 2.Nf3 Nf6 3.c4 dxc4 4.e3 e6 5.Bxc4 c5 6.Nc3 a6 7.a4 Nc6 8.O-O cxd4
9.exd4 Be7 10.Bg5 O-O 11.Qd2 Nb4 12.Rac1 b6 13.Rfd1 Bb7 14.Qe2 Nfd5 15.Ne4 Bxg5
16.Nexg5 h6 17.Ne4 Rc8 18.Ne5 Qe7 19.g3 Rc7 20.Bb3 Rfc8 21.Rxc7 Rxc7 22.a5 bxa5
23.Nc5 Qd8 24.h3 Re7 25.Kh2 Nf6 26.Rc1 Bd5 27.Ba4 Rc7 28.Re1 Qd6 29.Rd1 Qb6
30.f4 Ra7 31.g4 g6 32.g5 hxg5 33.fxg5 Nh5 34.Ncd7 Qd6 35.Qf2 Qe7 36.Rf1 Rc7
37.Qxf7+ Qxf7 38.Nxf7 e5 39.Nfxe5 Kg7 40.Nf6 Be6 41.Ne8+  1-0

[Event "Biel op"]
[Site "Biel"]
[Date "1993.??.??"]
[Round "3"]
[White "Cvitan, Ognjen"]
[Black "Raetsky, Alexander"]
[Result "1-0"]
[WhiteElo "2550"]
[BlackElo "2405"]

1.d4 d5 2.c4 dxc4 3.Nf3 Nf6 4.e3 e6 5.Bxc4 c5 6.O-O a6 7.Bd3 Nc6 8.Nc3 cxd4
9.exd4 Nb4 10.Bb1 Be7 11.Re1 O-O 12.Ne5 Nbd5 13.Qd3 Bd7 14.Qg3 Re8 15.Bh6 Bf8
16.Bg5 Bc6 17.Nxd5 exd5 18.Bc2 Qd6 19.Qf4 h6 20.Bxf6 Qxf6 21.Qxf6 gxf6 22.Ng4 Kg7
23.Ne3 Kg8 24.g3 Bb4 25.Red1 Rad8 26.a3 Ba5 27.b4 Bb6 28.a4 Re6 29.Bf5 Ree8
30.b5 axb5 31.axb5 Bxb5 32.Rab1 Ba4 33.Rd3 Bc7 34.Rxb7 Bd6 35.Kg2 Bf8 36.Ng4 Kg7
37.Rc3 Re2 38.Rcc7 Be8 39.Ne3 Bd6 40.Rc3 Rd2 41.Bg4 Kg6 42.Bf5+ Kg7 43.Rc8 Rxc8
44.Bxc8 Kg6 45.Bf5+ Kg7 46.Bd7 Bxd7 47.Rxd7 Ba3 48.Rxd5 Kg6 49.g4 Bb2 50.Nf5 Bc3
51.h4 Ra2 52.h5+ Kh7 53.Rd7 Be1 54.Kf1  1-0

[Event "Bonn GSK"]
[Site "Bonn"]
[Date "1993.??.??"]
[Round "?"]
[White "Seul, Georg"]
[Black "Roos, Thomas"]
[Result "1-0"]
[WhiteElo "2415"]
[BlackElo "2280"]

1.d4 Nf6 2.Nf3 d5 3.c4 dxc4 4.e3 e6 5.Bxc4 c5 6.O-O a6 7.Bb3 Nc6 8.Nc3 Be7
9.d5 exd5 10.Nxd5 Nxd5 11.Bxd5 Qc7 12.Bd2 Bf6 13.Qc2 Ne7 14.Be4 Be6 15.Rac1 Rc8
16.Rfd1 h6 17.Qa4+ Bd7 18.Qa5 Qxa5 19.Bxa5 Bc6 20.Bxc6+ Nxc6 21.Bb6 Bxb2
22.Rxc5 Bf6 23.g3 Bd8 24.Rb1 Be7 25.Rc4 O-O 26.Kg2 Nb8 27.Rc7 Rxc7 28.Bxc7 b5
29.a4 Rc8 30.Be5 b4 31.Nd4 Nd7 32.Nf5 Bf8 33.Bxg7 a5 34.Bd4 Rc2 35.Rd1 Nc5
36.Bxc5 Bxc5 37.Rd8+ Kh7 38.Rb8 Ra2 39.Rb5 Rxa4 40.Rxc5 b3 41.Rc1 Rb4 42.Nd4 a4
43.Rb1 b2 44.Nc2 Rb3 45.Kf3 f5 46.Ke2 Kg6 47.Kd2 Kg5 48.h3 h5 49.Nd4 Rb8
50.Kc3 a3 51.Nc2 Ra8 52.Nxa3 Rxa3+ 53.Kxb2 Ra8 54.Kc3 h4 55.f4+ Kh5 56.g4+ fxg4
57.Rb5+ Kh6 58.hxg4 Rh8 59.Rb6+ Kg7 60.Rb2 h3 61.Rh2 Rh4 62.Kd4  1-0

[Event "Brno"]
[Site "Brno"]
[Date "1993.??.??"]
[Round "9"]
[White "Blatny, Pavel"]
[Black "Gofshtein, Leonid D"]
[Result "1/2-1/2"]
[WhiteElo "2510"]
[BlackElo "2540"]

1.d4 Nf6 2.Nf3 d5 3.c4 dxc4 4.e3 e6 5.Bxc4 c5 6.Nc3 a6 7.a4 Nc6 8.O-O Be7
9.dxc5 Qxd1 10.Rxd1 Bxc5  1/2-1/2